Normal view
MARC view
Entry Personal Name
001 - CONTROL NUMBER
- control field: 30133
003 - CONTROL NUMBER IDENTIFIER
- control field: MY-SjTCS
005 - DATE AND TIME OF LATEST TRANSACTION
- control field: 20191205122713.0
008 - FIXED-LENGTH DATA ELEMENTS
- fixed length control field: 080922 n a|n||aab| n a|a d
039 #9 -
- : 200809221359
- : rosnani
040 ## - CATALOGING SOURCE
- Original cataloging agency: MY-SjTCS
- Transcribing agency: MY-SjTCS
100 10 - HEADING--PERSONAL NAME
- Personal name: Oldknow, A. J.
- Fuller form of name: (Adrian James),
- Dates associated with a name: 1946-
400 10 - SEE FROM TRACING--PERSONAL NAME
- Personal name: Oldknow, Adrian,
- Dates associated with a name: 1946-
670 ## - SOURCE DATA FOUND
- Source citation: His learning mathematics with micros, 1983: b CIP t.p. (A.J. Oldknow, M.A., M. Tech., A.F.I.M.A., M.B.C.S., Dept. Math. and Computing, West Sussex Inst. of Higher Education, Bognor Regis) data sheet (Oldknow, Adrian James; b. 4/23/46)
999 ## -
- : VIRTUA40 x
999 ## -
- : VTLSSORT0080*1000*4000*6700*9990*9991